LEADER 01626nas 2200505- 450 001 996321531003316 005 20210920213022.0 011 $a2174-7245 035 $a(OCoLC)947077646 035 $a(CKB)3710000000434977 035 $a(CONSER)--2016240204 035 $a(DE-599)ZDB2637755-X 035 $a(EXLCZ)993710000000434977 100 $a20150709a20119999 --- - 101 0 $aspa 135 $aur|nu|||||||| 181 $ctxt$2rdacontent 182 $cc$2rdamedia 183 $acr$2rdacarrier 200 00$aNormas $erevista de estudios lingüísticos hispánicos 210 1$aValencia, España :$cUniversitat de València, Departamento de Filología Española,$d2011- 215 $a1 online resource 300 $aRefereed/Peer-reviewed 606 $aSpanish language$vPeriodicals 606 $aSpanish language$zSpain$vPeriodicals 606 $aSpanish language$zLatin America$vPeriodicals 606 $aLinguistics$zSpain$vPeriodicals 606 $aLinguistics$zLatin America$vPeriodicals 606 $aLinguistics$2fast$3(OCoLC)fst00999202 606 $aSpanish language$2fast$3(OCoLC)fst01128292 607 $aLatin America$2fast 607 $aSpain$2fast 608 $aPeriodicals.$2fast 615 0$aSpanish language 615 0$aSpanish language 615 0$aSpanish language 615 0$aLinguistics 615 0$aLinguistics 615 7$aLinguistics. 615 7$aSpanish language. 712 02$aUniversidad de Valencia.$bDepartamento de Filología Española, 906 $aJOURNAL 912 $a996321531003316 996 $aNormas$92218682 997 $aUNISA LEADER 01091nam 2200373 450 001 9910793617103321 005 20230817182201.0 010 $a92-75-32087-X 035 $a(CKB)4100000009266307 035 $a(MiAaPQ)EBC6005307 035 $a(EXLCZ)994100000009266307 100 $a20200611d2019 uy 0 101 0 $aspa 135 $aurcnu|||||||| 181 $ctxt$2rdacontent 182 $cc$2rdamedia 183 $acr$2rdacarrier 200 00$aEstado de la Seguridad Vial en la Region de Las Americas /$fPan American Health 210 1$aWashington, District of Columbia :$cPan American Health Organization (PAHO),$d2019. 215 $a1 online resource (68 pages) 311 $a92-75-32086-1 606 $aSafety 606 $aTraffic safety 615 0$aSafety. 615 0$aTraffic safety. 676 $a629.28 712 02$aPan American Health, 801 0$bMiAaPQ 801 1$bMiAaPQ 801 2$bMiAaPQ 906 $aBOOK 912 $a9910793617103321 996 $aEstado de la Seguridad Vial en la Region de Las Americas$93843200 997 $aUNINA